000 00210 a2200097 4500
001 53192
100 _aRamazani, P K
245 _aUnited States and Iran
260 _aU S A
_bPraeger
_c
090 _c33478
_d33478
942 _aNUST-CAE
_cM
_c26089
999 _c288265
_d288265